<?xml version="1.0" encoding="UTF-8"?>
<record
    xmlns:xsi="http://www.w3.org/2001/XMLSchema-instance"
    xsi:schemaLocation="http://www.loc.gov/MARC21/slim http://www.loc.gov/standards/marcxml/schema/MARC21slim.xsd"
    xmlns="http://www.loc.gov/MARC21/slim">

  <leader>01227nas a2200277 i 4500</leader>
  <controlfield tag="001">252635</controlfield>
  <controlfield tag="005">20250613142833.0</controlfield>
  <controlfield tag="007">ta</controlfield>
  <controlfield tag="008">890206e1999    dr    p|co   ||    o001 ||   | </controlfield>
  <datafield tag="011" ind1=" " ind2=" ">
    <subfield code="a">          </subfield>
  </datafield>
  <datafield tag="040" ind1=" " ind2=" ">
    <subfield code="a">DO-SdBNP</subfield>
    <subfield code="b">spa</subfield>
    <subfield code="c">DO-SdBNP</subfield>
    <subfield code="e">rda</subfield>
  </datafield>
  <datafield tag="041" ind1=" " ind2=" ">
    <subfield code="h">spa</subfield>
  </datafield>
  <datafield tag="245" ind1=" " ind2=" ">
    <subfield code="a">APEC por un mundo mejor : </subfield>
    <subfield code="b">revista /</subfield>
    <subfield code="c">APEC.</subfield>
  </datafield>
  <datafield tag="264" ind1=" " ind2=" ">
    <subfield code="a">Santo Domingo, Rep&#xFA;blica Dominicana :</subfield>
    <subfield code="b">APEC, </subfield>
    <subfield code="c">1999.</subfield>
  </datafield>
  <datafield tag="300" ind1=" " ind2=" ">
    <subfield code="a">volumen : </subfield>
    <subfield code="b">ilustraciones, fotograf&#xED;as, gr&#xE1;ficas ; </subfield>
    <subfield code="c">28 cm.</subfield>
  </datafield>
  <datafield tag="310" ind1=" " ind2=" ">
    <subfield code="a">1999.</subfield>
  </datafield>
  <datafield tag="336" ind1=" " ind2=" ">
    <subfield code="a">texto</subfield>
    <subfield code="b">txt</subfield>
    <subfield code="2">rdacontent</subfield>
  </datafield>
  <datafield tag="337" ind1=" " ind2=" ">
    <subfield code="a">sin mediaci&#xF3;n </subfield>
    <subfield code="b">n</subfield>
    <subfield code="2">rdamedia</subfield>
  </datafield>
  <datafield tag="338" ind1=" " ind2=" ">
    <subfield code="a">volumen</subfield>
    <subfield code="b">nc</subfield>
    <subfield code="2">rdacarrier</subfield>
  </datafield>
  <datafield tag="362" ind1=" " ind2=" ">
    <subfield code="a">Mayo 1999.</subfield>
  </datafield>
  <datafield tag="520" ind1=" " ind2=" ">
    <subfield code="a">La Colecci&#xF3;n UNAPEC por un-Mundo Mejor es una publicaci&#xF3;n de la Universidad APEC constituida por varias series tem&#xE1;ticas y de g&#xE9;nero: Ensayo, Art&#xED;culos, Investigaci&#xF3;n, Artes y Comunicaci&#xF3;n, Turismo, Tecnolog&#xED;a, Administraci&#xF3;n, &#xC9;tica, Derecho, entre otras.</subfield>
  </datafield>
  <datafield tag="650" ind1=" " ind2=" ">
    <subfield code="9">16347</subfield>
    <subfield code="a">Universidades</subfield>
    <subfield code="v">Publicaciones peri&#xF3;dicas</subfield>
    <subfield code="z">Rep&#xFA;blica Dominicana</subfield>
  </datafield>
  <datafield tag="650" ind1=" " ind2=" ">
    <subfield code="9">2358</subfield>
    <subfield code="a">Educaci&#xF3;n superior</subfield>
    <subfield code="v">Publicaciones peri&#xF3;dicas</subfield>
    <subfield code="z">Rep&#xFA;blica Dominicana</subfield>
  </datafield>
  <datafield tag="650" ind1=" " ind2=" ">
    <subfield code="9">48216</subfield>
    <subfield code="a">APEC</subfield>
    <subfield code="z">Historia</subfield>
    <subfield code="v">Publicaciones peri&#xF3;dicas</subfield>
    <subfield code="y">Rep&#xFA;blica Dominicana</subfield>
  </datafield>
  <datafield tag="942" ind1=" " ind2=" ">
    <subfield code="c">ISSUE</subfield>
    <subfield code="2">ddc</subfield>
  </datafield>
  <datafield tag="952" ind1=" " ind2=" ">
    <subfield code="0">0</subfield>
    <subfield code="1">0</subfield>
    <subfield code="2">ddc</subfield>
    <subfield code="4">0</subfield>
    <subfield code="5">6</subfield>
    <subfield code="7">0</subfield>
    <subfield code="8">SE</subfield>
    <subfield code="a">BNPHU</subfield>
    <subfield code="b">BNPHU</subfield>
    <subfield code="d">2025-06-13</subfield>
    <subfield code="h">Mayo 1999</subfield>
    <subfield code="l">0</subfield>
    <subfield code="p">2025-5159</subfield>
    <subfield code="r">2025-06-13</subfield>
    <subfield code="t">e.1</subfield>
    <subfield code="w">2025-06-13</subfield>
    <subfield code="y">ISSUE</subfield>
    <subfield code="z">35 a&#xF1;os de &#xE9;xitos.</subfield>
  </datafield>
  <datafield tag="952" ind1=" " ind2=" ">
    <subfield code="0">0</subfield>
    <subfield code="1">0</subfield>
    <subfield code="2">ddc</subfield>
    <subfield code="4">0</subfield>
    <subfield code="5">6</subfield>
    <subfield code="7">0</subfield>
    <subfield code="8">SE</subfield>
    <subfield code="a">BNPHU</subfield>
    <subfield code="b">BNPHU</subfield>
    <subfield code="d">2025-06-13</subfield>
    <subfield code="h">Mayo 1999</subfield>
    <subfield code="l">1</subfield>
    <subfield code="p">2025-5160</subfield>
    <subfield code="r">2025-08-07</subfield>
    <subfield code="s">2025-08-07</subfield>
    <subfield code="t">e.2</subfield>
    <subfield code="w">2025-06-13</subfield>
    <subfield code="y">ISSUE</subfield>
    <subfield code="z">35 a&#xF1;os de &#xE9;xitos.</subfield>
  </datafield>
  <datafield tag="999" ind1=" " ind2=" ">
    <subfield code="c">59278</subfield>
    <subfield code="d">59278</subfield>
  </datafield>
</record>
